<?xml version="1.0" encoding="UTF-8"?>
<record
    xmlns:xsi="http://www.w3.org/2001/XMLSchema-instance"
    xsi:schemaLocation="http://www.loc.gov/MARC21/slim http://www.loc.gov/standards/marcxml/schema/MARC21slim.xsd"
    xmlns="http://www.loc.gov/MARC21/slim">

  <leader>00613nam a22001817a 4500</leader>
  <controlfield tag="003">UA-OsUOA</controlfield>
  <controlfield tag="001"> 7580 </controlfield>
  <controlfield tag="007">ta</controlfield>
  <controlfield tag="008">20040622b un ||||| |||| 00| 0 ukr d</controlfield>
  <datafield tag="100" ind1=" " ind2=" ">
    <subfield code="a">&#x41D;&#x430;&#x437;&#x430;&#x440;&#x443;&#x43A; &#x41C;.</subfield>
  </datafield>
  <datafield tag="942" ind1=" " ind2=" ">
    <subfield code="c">SA</subfield>
  </datafield>
  <datafield tag="040" ind1=" " ind2=" ">
    <subfield code="a">UA-OsUOA</subfield>
    <subfield code="c">UA-OsUOA</subfield>
    <subfield code="d">UA-OsUOA</subfield>
  </datafield>
  <datafield tag="245" ind1=" " ind2=" ">
    <subfield code="a">&#x414;&#x43E;&#x441;&#x432;&#x456;&#x434; &#x437;&#x430;&#x43B;&#x443;&#x447;&#x435;&#x43D;&#x43D;&#x44F; &#x43C;&#x456;&#x441;&#x442;&#x430;&#x43C;&#x438; &#x442;&#x430; &#x440;&#x435;&#x433;&#x456;&#x43E;&#x43D;&#x430;&#x43C;&#x438; &#x420;&#x43E;&#x441;&#x456;&#x457; &#x444;&#x456;&#x43D;&#x430;&#x43D;&#x441;&#x43E;&#x432;&#x438;&#x445; &#x440;&#x435;&#x441;&#x443;&#x440;&#x441;&#x456;&#x432; &#x437;&#x430; &#x434;&#x43E;&#x43F;&#x43E;&#x43C;&#x43E;&#x433;&#x43E;&#x44E; &#x43E;&#x431;&#x43B;&#x456;&#x433;&#x430;&#x446;&#x456;&#x439;&#x43D;&#x438;&#x445; &#x43F;&#x43E;&#x437;&#x438;&#x43A;</subfield>
  </datafield>
  <datafield tag="300" ind1=" " ind2=" ">
    <subfield code="a">&#x421;.80-86</subfield>
  </datafield>
  <datafield tag="955" ind1=" " ind2=" ">
    <subfield code="a">0</subfield>
  </datafield>
  <datafield tag="773" ind1="0" ind2=" ">
    <subfield code="w">0</subfield>
    <subfield code="t">&#x415;&#x43A;&#x43E;&#x43D;&#x43E;&#x43C;&#x456;&#x43A;&#x430; &#x423;&#x43A;&#x440;&#x430;&#x457;&#x43D;&#x438;</subfield>
    <subfield code="d">&#x41A;&#x438;&#x457;&#x432;</subfield>
    <subfield code="d">2004</subfield>
    <subfield code="g">&#x2116;6</subfield>
  </datafield>
  <datafield tag="650" ind1=" " ind2="7">
    <subfield code="a">&#x41E;&#x431;&#x43B;&#x456;&#x433;&#x430;&#x446;&#x456;&#x457;</subfield>
    <subfield code="2">UDC</subfield>
  </datafield>
  <datafield tag="999" ind1=" " ind2=" ">
    <subfield code="c">293741</subfield>
    <subfield code="d">293741</subfield>
  </datafield>
</record>
